000 00641nam a2200169Ia 4500
003 IN-BaIIA
008 211028s9999 xx s 000 0 eng d
020 _a9781628417999 (Print)
040 _cIIA Library
100 _aWang, Yongtian, ed.
_941289
245 0 _a2015 International Conference on Optical Instruments and Technology: Optical Systems and Modern Optoelectronic Instruments
_h[eBook]
260 _aWashington, USA
_bSPIE
_c2015
300 _aOnline resource
490 _aProceedings of SPIE; V. 9618
856 _uhttps://www.spiedigitallibrary.org/conference-proceedings-of-spie/9618
_yClick Here to Access eBook
942 _cEB
999 _c22665
_d22665